000 00908nam a2200229 i 4500
001 13469
003 ES-MaACL
005 20230906150604.0
007 t|
008 980415s1996 sp ||||1| spa d
020 _a84-7785-046-1
080 _a821.134.2 Hinojosa, José María 1.06
245 0 0 _aRemolino de voces
_b: la recepción de la obra de José María Hinojosa (1927-1929) /
_cC. M. Arconada... [et al.] ; edición e introducción de Alfonso Sánchez Rodríguez.
260 _aMálaga :
_bCentro Cultural de la Generación del 27,
_c1996.
300 _a68 p. [4 h.] ;
_c22 cm.
600 1 4 _aHinojosa, José María-
_xCrítica e interpretación.
_963774
700 1 _aArconada, César M.,
_d1898-1964
_9142239
700 1 _aSánchez Rodríguez, Alfonso.
_9102885
710 2 _aCentro Cultural Generación del 27.
_92582
852 _aES-MaACL
_jL-20793
_bR.126404
999 _c13469
_d13469